Planning irrigation network and OFD works (Record no. 81949)

MARC details
000 -LEADER
fixed length control field 01731nam a2200301 a 4500
008 - FIXED-LENGTH DATA ELEMENTS--GENERAL INFORMATION
fixed length control field 100929s2005 ||||||||||||||||| || u
020 ## - INTERNATIONAL STANDARD BOOK NUMBER
International Standard Book Number 8122416209
050 ## - LIBRARY OF CONGRESS CALL NUMBER
Classification number TC 930 Sha
100 ## - MAIN ENTRY--PERSONAL NAME
Personal name Agarwal, R. N
245 10 - TITLE STATEMENT
Title Planning irrigation network and OFD works
Statement of responsibility, etc. By Vinod Sharma ; R.N. Agarwal
260 ## - PUBLICATION, DISTRIBUTION, ETC.
Place of publication, distribution, etc. New Delhi:
Name of publisher, distributor, etc. New Age International
Date of publication, distribution, etc. 2005
260 ## - PUBLICATION, DISTRIBUTION, ETC.
Place of publication, distribution, etc. New Delhi:
Name of publisher, distributor, etc. New Age International Publishers
Date of publication, distribution, etc. 2005
300 ## - PHYSICAL DESCRIPTION
Extent xx, 137p.: ill.
350 ## -
-- 0.00
650 ## - SUBJECT ADDED ENTRY--TOPICAL TERM
Topical term or geographic name entry element CANALS
650 ## - SUBJECT ADDED ENTRY--TOPICAL TERM
Topical term or geographic name entry element IRRIGATION CANALS
650 ## - SUBJECT ADDED ENTRY--TOPICAL TERM
Topical term or geographic name entry element WATER-SUPPLY, AGRICULTURAL
650 ## - SUBJECT ADDED ENTRY--TOPICAL TERM
Topical term or geographic name entry element AGRICULTURE
650 ## - SUBJECT ADDED ENTRY--TOPICAL TERM
Topical term or geographic name entry element IRRIGATION--MANAGEMENT
650 ## - SUBJECT ADDED ENTRY--TOPICAL TERM
Topical term or geographic name entry element IRRIGATION--PLANNING
700 ## - ADDED ENTRY--PERSONAL NAME
Personal name Sharma, Vinod
995 ## -
-- MAIN LIBRARY OPEN ACCESS
-- 0.00
-- 741626
-- CBU-MAIN LIBRARY (Kitwe)
-- 1
-- 0.00
-- TC 930 Sha
-- 1
-- AVAILABLE
-- Oct 6, 2010
-- 741626
-- Main Library Open Access Collection
995 ## -
-- MAIN LIBRARY OPEN ACCESS
-- 63.25
-- 749947
-- CBU-MAIN LIBRARY (Kitwe)
-- 0.00
-- TC 930 Sha
-- 3
-- AVAILABLE
-- Aug 27, 2019
-- 749947
-- Main Library Open Access Collection
995 ## -
-- MAIN LIBRARY OPEN ACCESS
-- 63.25
-- 749949
-- CBU-MAIN LIBRARY (Kitwe)
-- 0.00
-- TC 930 Sha
-- 5
-- AVAILABLE
-- Aug 27, 2019
-- 749949
-- Main Library Open Access Collection
995 ## -
-- MAIN LIBRARY OPEN ACCESS
-- 63.25
-- 749948
-- CBU-MAIN LIBRARY (Kitwe)
-- 0.00
-- TC 930 Sha
-- 4
-- AVAILABLE
-- Aug 27, 2019
-- 749948
-- Main Library Open Access Collection
995 ## -
-- MAIN LIBRARY OPEN ACCESS
-- 63.25
-- 749950
-- CBU-MAIN LIBRARY (Kitwe)
-- 0.00
-- TC 930 Sha
-- 6
-- AVAILABLE
-- Aug 27, 2019
-- 749950
-- Main Library Open Access Collection
995 ## -
-- MAIN LIBRARY OPEN ACCESS
-- 63.25
-- 749946
-- CBU-MAIN LIBRARY (Kitwe)
-- 0.00
-- TC 930 Sha
-- 2
-- AVAILABLE
-- Aug 27, 2019
-- 749946
-- Main Library Open Access Collection
999 ## -
-- 81949
-- 81949
Holdings
Withdrawn status Lost status Source of classification or shelving scheme Damaged status Not for loan Permanent Location Current Location Shelving location Date acquired Total Checkouts Full call number Barcode Date last seen Copy number Price effective from Koha item type
          CBU-MAIN LIBRARY, KITWE. CBU-MAIN LIBRARY, KITWE.   09/12/2023   TC 930 Sha 741626 09/12/2023 1 09/12/2023 MONOGRAPH
          CBU-MAIN LIBRARY, KITWE. CBU-MAIN LIBRARY, KITWE.   09/12/2023   TC 930 Sha 749947 09/12/2023 2 09/12/2023 MONOGRAPH
          CBU-MAIN LIBRARY, KITWE. CBU-MAIN LIBRARY, KITWE.   09/12/2023   TC 930 Sha 749949 09/12/2023 3 09/12/2023 MONOGRAPH
          CBU-MAIN LIBRARY, KITWE. CBU-MAIN LIBRARY, KITWE.   09/12/2023   TC 930 Sha 749948 09/12/2023 4 09/12/2023 MONOGRAPH
          CBU-MAIN LIBRARY, KITWE. CBU-MAIN LIBRARY, KITWE.   09/12/2023   TC 930 Sha 749950 09/12/2023 5 09/12/2023 MONOGRAPH
          CBU-MAIN LIBRARY, KITWE. CBU-MAIN LIBRARY, KITWE.   09/12/2023   TC 930 Sha 749946 09/12/2023 6 09/12/2023 MONOGRAPH